[Event "Cartagena Plazuela op"]
[Site "Cartagena"]
[Date "2022.07.23"]
[Round "6"]
[White "Torres Clavijo, Jose Manuel"]
[Black "De la Hoz Paternina, Felix Daniel"]
[Result "0-1"]
[WhiteElo "1570"]
[BlackElo "1362"]
[PlyCount "62"]
[EventDate "2022.07.21"]
[EventType "swiss"]
[EventRounds "6"]
[EventCountry "COL"]
[SourceTitle "CBM 209 Extra"]
[Source "ChessBase"]
[SourceDate "2022.09.30"]
[SourceVersion "1"]
[SourceVersionDate "2022.09.30"]
[SourceQuality "1"]

1. d4 d5 2. Bf4 Nf6 3. e3 c5 4. c3 Nc6 5. Bd3 Qb6 6. Qb3 c4 7. Qxb6 axb6 8. Bc2 b5 9. Nf3 b4 10. a3 Nh5 11. Bc7 b3 12. Bd1 b5 13. Nbd2 Nf6 14. Ne5 Nxe5 15. Bxe5 Bf5 16. 0-0 Bd3 17. Re1 Nd7 18. Bf3 0-0-0 19. Bg3 Nb6 20. e4 e6 21. exd5 exd5 22. Be2 Bg6 23. Bg4+ Kb7 24. Re5 Bd6 25. Re3 Bxg3 26. hxg3 Rhe8 27. Rae1 f6 28. Re7+ Kb8 29. Rxe8 Rxe8 30. Rxe8+ Bxe8 31. Be6 Kc7 0-1

[Event "Antioquia op"]
[Site "Antioquia"]
[Date "2020.03.05"]
[Round "4"]
[White "De la Hoz Paternina, Felix Daniel"]
[Black "Cabiativa, Juan Esteban"]
[Result "0-1"]
[WhiteElo "1362"]
[BlackElo "1783"]
[PlyCount "74"]
[EventDate "2020.03.03"]
[EventType "swiss"]
[EventRounds "9"]
[EventCountry "COL"]
[SourceTitle "CBM 195 Extra"]
[Source "ChessBase"]
[SourceDate "2020.05.31"]
[SourceVersion "1"]
[SourceVersionDate "2020.05.31"]
[SourceQuality "1"]

1. d4 Nf6 2. c4 e5 3. dxe5 Ng4 4. Bf4 Nc6 5. Nf3 Bb4+ 6. Nc3 Bxc3+ 7. bxc3 Qe7 8. Qd5 f6 9. exf6 Nxf6 10. Qd3 d6 11. g3 0-0 12. Bg2 Ne4 13. 0-0 Nc5 14. Qc2 Bf5 15. Qd2 Rae8 16. Nd4 Ne4 17. Qd3 g5 18. Bc1 Bg6 19. Qe3 h6 20. Bb2 Na5 21. Rae1 Nxc4 22. Qc1 Kh7 23. Bxe4 Qxe4 24. f3 Qe3+ 25. Qxe3 Rxe3 26. Bc1 Rxc3 27. Nb5 Rc2 28. a3 c6 29. Nd4 Ra2 30. Nb3 Nxa3 31. Bxa3 Rxa3 32. Nd4 Re8 33. e4 a6 34. Rb1 Re7 35. Rbd1 d5 36. exd5 cxd5 37. Nc2 Bxc2 0-1

[Event "Pan American-ch School U13"]
[Site "Medellin"]
[Date "2019.11.14"]
[Round "5"]
[White "De la Hoz Paternina, Felix Daniel"]
[Black "Gonzalez Ramirez, Nicolas"]
[Result "1-0"]
[WhiteElo "1368"]
[BlackElo "1462"]
[PlyCount "44"]
[EventDate "2019.11.12"]
[EventType "swiss"]
[EventRounds "9"]
[EventCountry "COL"]
[SourceTitle "CBM 193 Extra"]
[Source "ChessBase"]
[SourceDate "2020.01.31"]
[SourceVersion "1"]
[SourceVersionDate "2020.01.31"]
[SourceQuality "1"]

1. e4 e5 2. Nf3 Nc6 3. d4 exd4 4. Bc4 Be7 5. c3 d6 6. Nxd4 Nf6 7. Nd2 Ne5 8. Be2 c5 9. N4f3 Nxf3+ 10. Bxf3 Be6 11. 0-0 Qd7 12. Re1 0-0 13. Nf1 Rad8 14. Ng3 Ng4 15. h3 Ne5 16. Bf4 Ng6 17. Qd2 Bf6 18. Rad1 Nxf4 19. Qxf4 Be5 20. Qh4 Bf6 21. Qf4 Be5 22. Qh4 Bf6 1-0

[Event "COL pre olympic sf3"]
[Site "Cartagena"]
[Date "2019.08.17"]
[Round "6"]
[White "Hoyos Garces, Rosana"]
[Black "De la Hoz Paternina, Felix Daniel"]
[Result "1-0"]
[WhiteElo "1785"]
[BlackElo "1326"]
[PlyCount "65"]
[EventDate "2019.08.14"]
[EventType "swiss"]
[EventRounds "10"]
[EventCountry "COL"]
[SourceTitle "EXT 2020"]
[Source "ChessBase"]
[SourceDate "2019.10.17"]
[SourceVersion "1"]
[SourceVersionDate "2019.10.17"]
[SourceQuality "1"]

1. Nf3 d5 2. d4 Nf6 3. c4 c6 4. e3 e6 5. Nc3 Be7 6. Qc2 0-0 7. Bd3 dxc4 8. Bxc4 b5 9. Bd3 a6 10. e4 g6 11. 0-0 Re8 12. Qd2 Bf8 13. e5 Nd5 14. Ne4 Bg7 15. Nd6 Re7 16. Qe2 Rd7 17. Ng5 Bf8 18. Nge4 Rda7 19. Bg5 Qc7 20. Ne8 Qb6 21. N4f6+ Nxf6 22. Nxf6+ Kg7 23. Qe3 Be7 24. Qh3 h5 25. Qe3 Bxf6 26. Bxf6+ Kf8 27. Qh6+ Ke8 28. Qh8+ Kd7 29. Qf8 c5 30. dxc5 Qc7 31. Rfd1 Qa5 32. Be4+ Kc7 33. Qd8# 1-0